Manual de enseñanza del dibujo técnico /

Contenido: Introducción al dibujo técnico; Normalización en el dibujo técnico; Instrumentos y materiales empleados en el dibujo técnico; Dibujos técnicos: escritura, caracteres corrientes; Dibujos técnicos: formatos y elementos gráficos de las hojas de dibujo; Dibujos técnicos: cuadro de rotulación;...

Fuld beskrivelse

Guardado en:
Bibliografiske detaljer
Hovedforfatter: Cabrol Godoy, Fernando (autor)
Format: Bog
Sprog:spansk
Udgivet: Santiago, Chile : Universidad Tecnológica Metropolitana, 2003, c2003
Fag:
Tags: Tilføj Tag
Ingen Tags, Vær først til at tagge denne postø!

MARC

LEADER 00000nam^a2200000^a^4500
001 000184929
005 20250521000000.0
009 20260310102133.858
020 |a 956-7359-37-7 
037 |a Acervo ITESO - Biblioteca 
041 |a ESP 
082 |a 604. 2  |b CAB 
100 |a Cabrol Godoy, Fernando  |e (autor) 
245 1 0 |a Manual de enseñanza del dibujo técnico /  |c F. Cabrol Godoy ; pról. de Gustavo Gatica S. 
264 4 |a Santiago, Chile :  |b Universidad Tecnológica Metropolitana,  |c 2003, c2003 
300 |a 328 p. 
336 |a texto  |b txt  |2 rdacontenido 
337 |a sin mediación  |b n  |2 rdamedio 
338 |a volumen  |b nc  |2 rdasoporte 
520 |a Contenido: Introducción al dibujo técnico; Normalización en el dibujo técnico; Instrumentos y materiales empleados en el dibujo técnico; Dibujos técnicos: escritura, caracteres corrientes; Dibujos técnicos: formatos y elementos gráficos de las hojas de dibujo; Dibujos técnicos: cuadro de rotulación; Dibujos técnicos: escalas; Sistemas de proyecciones; Principios generales de representación; Dimensionamiento: principios generales, definiciones, métodos de ejecución e indicadores especiales. 
649 |a XX 
650 |a Dibujo Técnico 
650 |a Dibujo Técnico -  |x Materiales y Equipo 
650 |a Dibujo Técnico -  |x Estudio y Enseñanza 
650 |a Diseño Industrial 
650 |a Ingeniería 
910 |a Fondo General 
920 |a Impresos - Libros 
930 |a Colección General 
905 |a 101 
901 |a 0500126091  |b IT1  |c ACC  |u 20250521 
902 |a https://opac.biblio.iteso.mx/vufind/Record/000184929